000 00308nam a22001457a 4500
008 221020b ||||| |||| 00| 0 eng d
020 _a0201422778
041 _aeng
080 _a004
082 _a004 CON
100 _a19
101 _aSHK
245 _aDATABASE SYSTEMS
_cCONNOLLY TH
942 _2udc
_cBK
999 _c58630
_d58630